000 00565nam a2200241 a 4500
001 nice12345678
003 IN_TiNIC
005 20260116011803.0
008 050524s0000 dela grp 000 0 urd
020 _a
_c12
082 0 0 _a297.33
_bREH
100 _aRehman, Mohd Azeez
245 _aAain-I-Amaliyaat
260 _aDelhi
_bMaktaba Deeniyat
_c0000
300 _a384p
500 _aincludes index and biblioraphy
505 2 _aNotes
650 _aOccultism-Islam
700 1 _aRehman, Mohd Azeez
902 _bSRS
942 _cBK
999 _c3963
_d3963